Statistics for Pobjednici UEFA Europske lige

Click here to take the quiz!

General Stats

  • This quiz has been taken 287 times
    (2 since last reset)
  • The average score is 12 of 30

Answer Stats

Broj naslovaZadnji naslovKlub% Correct
31993.Juventus
100%
72023.Sevilla
100%
11992.Ajax
50%
11983.Anderlecht
50%
12024.Atalanta
50%
32018.Atlético Madrid
50%
11988.Bayer 04 Leverkusen
50%
11996.Bayern München
50%
22019.Chelsea
50%
12005.CSKA Moskva
50%
12000.Galatasaray
50%
31998.Inter
50%
32001.Liverpool
50%
12017.Manchester United
50%
21999.Parma
50%
22011.Porto
50%
11978.PSV Eindhoven
50%
21986.Real Madrid
50%
12009.Šahtar Doneck
50%
21984.Tottenham Hotspur
50%
12021.Villarreal
50%
12008.Zenit
50%
21979.Borussia Mönchengladbach
0%
22022.Eintracht Frankfurt
0%
22002.Feyenoord
0%
21987.IFK Göteborg
0%
11981.Ipswich Town
0%
11989.Napoli
0%
11997.Schalke 04
0%
12004.Valencia
0%

Score Distribution

Percentile by Number Answered

Percent of People with Each Score

Your Score History

You have not taken this quiz since the last reset